Animals of Madagascar by Picture - Statistics

General Stats
  • This quiz has been taken 18 times
  • The average score is 4 of 16
Answer Stats
Picture Answer % Correct
Ring-tailed lemur
80%
Dugong
60%
Fossa
47%
Aye-aye
40%
Hissing cockroach
33%
Indri
20%
Tomato frog
20%
Giraffe weevil
13%
Radiated tortoise
13%
Red owl
13%
Comet moth
7%
Falanouc
7%
Leaf-tailed gecko
7%
Malagasy giant rat
7%
Mantella
7%
Silky sifaka
7%
No matching quizzes found
Score Distribution
Percent of People with Each Score
Percentile by Number Answered
Your Score History
You have not taken this quiz